000 00341nam a2200145Ia 4500
008 191201s2012 xx 000 0 und d
082 _a690
_bKUB
100 _aKUMAR, Sushil
245 0 _aBuilding Construction
250 _aRep
260 _aN. Delhi
_bStandard Publisher
_c2012
300 _a812
650 _aB.Tech(CE)
942 _2ddc
_cBK
999 _c5493
_d5493